| 000 -LEADER |
| fixed length control field |
01818cam a2200289 i 4500 |
| 001 - CONTROL NUMBER |
| control field |
002857022 |
| 005 - DATE AND TIME OF LATEST TRANSACTION |
| control field |
20190424111114.0 |
| 008 - FIXED-LENGTH DATA ELEMENTS--GENERAL INFORMATION |
| fixed length control field |
060327s2006 ru r 000 u rus |
| 020 ## - INTERNATIONAL STANDARD BOOK NUMBER |
| International Standard Book Number |
5222079775 (В пер.) |
| 040 ## - CATALOGING SOURCE |
| Original cataloging agency |
RuMoRKP |
| Language of cataloging |
rus |
| Modifying agency |
RuMoRGB |
| 041 0# - LANGUAGE CODE |
| Language code of text/sound track or separate title |
rus |
| 080 ## - UNIVERSAL DECIMAL CLASSIFICATION NUMBER |
| Universal Decimal Classification number |
341.225(075.8) |
| 084 ## - OTHER CLASSIFICATION NUMBER |
| Classification number |
Х912.52я73-1 |
| Number source |
rubbk |
| 084 ## - OTHER CLASSIFICATION NUMBER |
| Classification number |
Х932.212.03я73-1 |
| Number source |
rubbk |
| 100 1# - MAIN ENTRY--PERSONAL NAME |
| Personal name |
Гуцуляк, Василий Николаевич |
| 9 (RLIN) |
449 |
| 245 00 - TITLE STATEMENT |
| Title |
Международное морское право (публичное и частное) : |
| Remainder of title |
учеб. пособие для студентов вузов / |
| Statement of responsibility, etc. |
В. Н. Гуцуляк. |
| 260 ## - PUBLICATION, DISTRIBUTION, ETC. |
| Place of publication, distribution, etc. |
Ростов-на-Дону : |
| Name of publisher, distributor, etc. |
Феникс, |
| Date of publication, distribution, etc. |
2006. |
| Place of manufacture |
Самара |
| Manufacturer |
Самарский Дом печати |
| 300 ## - PHYSICAL DESCRIPTION |
| Extent |
410 с.; |
| Dimensions |
21 см. |
| 490 0# - SERIES STATEMENT |
| Series statement |
Серия "Высшее образование" |
| 650 #7 - SUBJECT ADDED ENTRY--TOPICAL TERM |
| Topical term or geographic name entry element |
Государство и право. Юридические науки -- Международное публичное право -- Вопросы территории в международном праве -- Водная территория -- Учебник для высшей школы |
| Source of heading or term |
rubbk |
| 9 (RLIN) |
450 |
| 650 #7 - SUBJECT ADDED ENTRY--TOPICAL TERM |
| Topical term or geographic name entry element |
Государство и право. Юридические науки -- Международное частное право -- Обязательственное право -- Морская перевозка -- Учебник для высшей школы |
| Source of heading or term |
rubbk |
| 9 (RLIN) |
451 |
| 653 ## - INDEX TERM--UNCONTROLLED |
| keyword |
სამართალი |
| 653 ## - INDEX TERM--UNCONTROLLED |
| keyword |
საერთაშორისო საზღვაო სამართალი |
| 852 ## - LOCATION |
| Former shelving location |
90 |
| 852 ## - LOCATION |
| Former shelving location |
90 |
| 942 ## - ADDED ENTRY ELEMENTS (KOHA) |
| Source of classification or shelving scheme |
|
| Koha item type |
წიგნი |